000 02093nam a2200625 i 4500
001 36899
003 KOSZ 005
005 20201216091347.0
008 990831s1999 pl a f f |000 0 pol
015 _aUWD 1999/12637
020 _a8301128194
035 _a991011338529705066
035 _a(PL-WaBN)b13086704-48omnis_nlop
035 _ab13086704
035 _a(OCoLC)749689651
035 _a(PL)b0000001308670
035 _a(EXLNZ-48OMNIS_NETWORK)9910398111805606
040 _aWA N
_cWA N
_dKOSZ 005/HR
041 0 _apol
046 _k1999
080 _a57
080 _a53.08
080 _a543
080 _a61
080 _a504
080 _a(075.8)
245 0 0 _aFizyczne metody badań w biologii, medycynie i ochronie środowiska :
_bpraca zbiorowa /
_cpod red. Andrzeja Z. Hrynkiewicza i Eugeniusza Rokity ; informacja o aut. Barbara Blicharska [et al.].
260 _aWarszawa :
_bWydaw. Naukowe PWN,
_c1999.
300 _a444, [2] s. :
_bfot., rys., wykr. ;
_c24 cm.
336 _aTekst
_btxt
_2rdacontent
337 _aBez urządzenia pośredniczącego
_bn
_2rdamedia
338 _aWolumin
_bnc
_2rdacarrier
380 _aKsiążki
380 _aPUblikacje dydaktyczne
385 _mPoziom nauczania
_aSzkoły wyższe
388 _a1901-2000
388 _a1989-2000
504 _aBibliogr. przy rozdz.
650 7 _aChemia analityczna
_2DBN
650 7 _aFizykochemiczne metody badawcze
650 7 _aBiologia
650 7 _aMedycyna
650 7 _aBiofizyka
650 7 _aDegradacja środowiska
_2DBN
655 7 _aPodręczniki akademickie
_2DBN
658 _aFizyka i astronomia
658 _aChemia
700 1 _aBlicharska, Barbara
_eAutor
700 1 _aHrynkiewicz, Andrzej
_d(1925-2016)
_eRedakcja
700 1 _aRokita, Eugeniusz
_d(1952- )
_eRedakcja
710 2 _aWydawnictwo Naukowe PWN
_4pbl
856 _uhttp://koha.tu.koszalin.pl/cgi-bin/koha/opac-detail.pl?biblionumber=36899
_yKatalog online BPK
942 _2UKD
_cKS
999 _c36899
_d36899